[Event "Winnipeg TNT April op"]
[Site "Winnipeg"]
[Date "2007.04.24"]
[Round "4"]
[White "Podmoroff, Yuri"]
[Black "Cleto, Sam"]
[Result "0-1"]
[WhiteElo "1563"]
[BlackElo "1959"]
[PlyCount "66"]
[EventDate "2007.04.03"]
[EventType "swiss"]
[EventRounds "4"]
[EventCountry "CAN"]
[SourceTitle "EXT 2019"]
[Source "ChessBase"]
[SourceDate "2018.10.10"]
[SourceVersion "1"]
[SourceVersionDate "2018.10.10"]
[SourceQuality "1"]

1. e4 c5 2. Nf3 d6 3. d4 cxd4 4. Nxd4 Nf6 5. Nc3 a6 6. Bg5 e6 7. f4 Nbd7 8. Qf3 Qb6 9. 0-0-0 Be7 10. Be2 0-0 11. Qg3 Nc5 12. Bh6 Ne8 13. f5 Kh8 14. Be3 Bf6 15. Qf2 Bd7 16. Bc4 Nc7 17. g4 Nb5 18. g5 Bxd4 19. Bxd4 Nxc3 20. Bxc3 Nb3+ 21. axb3 Qxf2 22. Rxd6 Qf4+ 23. Rd2 Bb5 24. Kb1 Bxc4 25. bxc4 Qxe4 26. g6 Qxh1+ 27. Ka2 exf5 28. gxh7 f4 29. Bb4 Rfe8 30. Rf2 Qc6 31. b3 a5 32. Ba3 a4 33. h4 axb3+ 0-1

[Event "Winnipeg Apr Sect-C"]
[Site "Winnipeg"]
[Date "2007.04.22"]
[Round "5"]
[White "Lipic, Stephen"]
[Black "Podmoroff, Yuri"]
[Result "1/2-1/2"]
[WhiteElo "1616"]
[BlackElo "1563"]
[PlyCount "100"]
[EventDate "2007.04.20"]
[EventType "tourn"]
[EventRounds "5"]
[EventCountry "CAN"]
[SourceTitle "EXT 2019"]
[Source "ChessBase"]
[SourceDate "2018.10.10"]
[SourceVersion "1"]
[SourceVersionDate "2018.10.10"]
[SourceQuality "1"]

1. f4 Nf6 2. Nf3 Nc6 3. b3 d6 4. d3 Bf5 5. e4 Bg4 6. Be2 e5 7. 0-0 exf4 8. Bxf4 Be7 9. Qe1 Bxf3 10. Bxf3 Nd4 11. c3 Nc2 12. Qg3 g6 13. Nd2 Nxa1 14. Rxa1 h5 15. e5 h4 16. Qh3 dxe5 17. Bxe5 Qxd3 18. Bc6+ bxc6 19. Qxd3 Rd8 20. Qe3 Kf8 21. Nf3 Rh5 22. h3 Rd5 23. Qxa7 Bc5+ 24. Bd4 Bxa7 25. Bxa7 c5 26. b4 cxb4 27. cxb4 Ne4 28. a4 Rd7 29. b5 c6 30. b6 Rxa7 31. bxa7 Ra5 32. Ne5 Rxa7 33. Nxc6 Ra6 34. Nd4 Nc5 35. a5 Nb7 36. Nb3 Ke7 37. Kf2 Kd6 38. Kf3 g5 39. Ke4 Nc5+ 40. Nxc5 Kxc5 41. Kf5 f6 42. Ra3 Kd4 43. Rf3 Kd5 44. Kg6 Ke4 45. Rxf6 Rxa5 46. Rf3 Ra2 47. Rf5 Rxg2 48. Rxg5 Rg3 49. Kh5 Kf4 50. Kxh4 Rxg5 1/2-1/2

[Event "Winnipeg TNT February op"]
[Site "Winnipeg"]
[Date "2007.02.13"]
[Round "2"]
[White "Podmoroff, Yuri"]
[Black "Greenberg, Harley"]
[Result "0-1"]
[WhiteElo "1536"]
[BlackElo "1801"]
[PlyCount "81"]
[EventDate "2007.02.06"]
[EventType "swiss"]
[EventRounds "4"]
[EventCountry "CAN"]
[SourceTitle "EXT 2019"]
[Source "ChessBase"]
[SourceDate "2018.10.10"]
[SourceVersion "1"]
[SourceVersionDate "2018.10.10"]
[SourceQuality "1"]

1. e4 c5 2. Nf3 Nc6 3. Nc3 e5 4. Bc4 Nf6 5. d3 Be7 6. Bg5 0-0 7. 0-0 d6 8. Nh4 Nd4 9. Ne2 Bg4 10. f3 Bh5 11. Ng3 b5 12. Bb3 Bg6 13. c3 Nxb3 14. Qxb3 c4 15. Qxb5 cxd3 16. Qxd3 Qb6+ 17. Kh1 Nxe4 18. Nxe4 Bxe4 19. Qxe4 Bxg5 20. Rab1 g6 21. Qg4 Qd8 22. g3 f5 23. Qh3 Rb8 24. Ng2 Qa5 25. a3 Qc5 26. f4 Bf6 27. Ne1 e4 28. Nc2 Rb3 29. Qg2 Rfb8 30. Nb4 Rb6 31. Qc2 Qc4 32. Rfd1 a5 33. Nd5 Kf7 34. Nxb6 Rxb6 35. Qf2 Qc6 36. Qe3 a4 37. h4 d5 38. Kh2 Rb3 39. Qf2 Qb7 40. Qc2 Qc6 41. Rdc1 0-1

[Event "Winnipeg Easter op"]
[Site "Winnipeg"]
[Date "2005.04.15"]
[Round "1"]
[White "Khedkar, Jay S"]
[Black "Podmoroff, Yuri"]
[Result "1-0"]
[WhiteElo "1970"]
[BlackElo "1365"]
[PlyCount "53"]
[EventDate "2005.04.15"]
[EventType "swiss"]
[EventRounds "5"]
[EventCountry "CAN"]
[SourceTitle "EXT 2006"]
[Source "ChessBase"]
[SourceDate "2005.11.24"]
[SourceVersion "1"]
[SourceVersionDate "2005.11.24"]
[SourceQuality "1"]

1. e4 e5 2. f4 Bc5 3. Nf3 exf4 4. d4 Bb6 5. Bxf4 d6 6. Bc4 Bg4 7. 0-0 Nd7 8. Bxf7+ Kf8 9. Nc3 Ngf6 10. Bb3 Ne5 11. Kh1 Nxf3 12. gxf3 Bh3 13. Rg1 h6 14. Be3 Qe7 15. Qd2 Ba5 16. Rg3 Bxc3 17. bxc3 Bd7 18. Rag1 Nh5 19. Rg6 Ke8 20. Bxh6 Qh4 21. Bxg7 Nf4 22. Bxh8 Nxg6 23. Rxg6 Bb5 24. Rg8+ Kd7 25. Rxa8 Qh3 26. Qg2 Qh5 27. Qg4+ 1-0

[Event "Winnipeg TNT March op"]
[Site "Winnipeg"]
[Date "2005.03.15"]
[Round "3"]
[White "Gibson, Fred"]
[Black "Podmoroff, Yuri"]
[Result "0-1"]
[WhiteElo "1215"]
[BlackElo "1333"]
[PlyCount "86"]
[EventDate "2005.03.01"]
[EventType "swiss"]
[EventRounds "4"]
[EventCountry "CAN"]
[SourceTitle "EXT 2006"]
[Source "ChessBase"]
[SourceDate "2005.11.24"]
[SourceVersion "1"]
[SourceVersionDate "2005.11.24"]
[SourceQuality "1"]

1. d4 d5 2. c4 dxc4 3. e4 b6 4. Bxc4 Bb7 5. Nc3 e6 6. Nf3 Bb4 7. a3 Bxc3+ 8. bxc3 Bxe4 9. 0-0 h6 10. Re1 Bb7 11. Ne5 Ne7 12. Nxf7 Kxf7 13. Bxe6+ Ke8 14. c4 Bc8 15. Qe2 Nbc6 16. Bb2 Bxe6 17. Qxe6 Qd7 18. d5 Qxe6 19. Rxe6 Nd8 20. Re4 Kd7 21. Bxg7 Rh7 22. Bf6 Nb7 23. Re6 Re8 24. Rae1 Rf7 25. Kf1 Nc5 26. Rc6 Nxc6 27. dxc6+ Kxc6 28. Rxe8 Rxf6 29. Re3 a6 30. g3 Na4 31. Rb3 a5 32. f4 Kc5 33. Re3 Kxc4 34. Re4+ Kb3 35. Re3+ Kc2 36. Ke1 Rd6 37. Re2+ Kc3 38. Re3+ Kb2 39. Ke2 c5 40. f5 c4 41. Re6 Rd8 42. f6 c3 43. f7 Rf8 0-1

[Event "Winnipeg TNT March op"]
[Site "Winnipeg"]
[Date "2005.03.01"]
[Round "1"]
[White "Herkert, Dean"]
[Black "Podmoroff, Yuri"]
[Result "1/2-1/2"]
[WhiteElo "1772"]
[BlackElo "1333"]
[PlyCount "161"]
[EventDate "2005.03.01"]
[EventType "swiss"]
[EventRounds "4"]
[EventCountry "CAN"]
[SourceTitle "EXT 2006"]
[Source "ChessBase"]
[SourceDate "2005.11.24"]
[SourceVersion "1"]
[SourceVersionDate "2005.11.24"]
[SourceQuality "1"]

1. f4 d5 2. e3 Nc6 3. Bb5 Bd7 4. Nf3 a6 5. Bxc6 Bxc6 6. b3 Nf6 7. Bb2 e6 8. 0-0 Bd6 9. Ne5 Qe7 10. Nxc6 bxc6 11. d3 0-0 12. Nd2 e5 13. Qf3 e4 14. dxe4 dxe4 15. Bxf6 Qxf6 16. Nxe4 Qb2 17. c4 Rad8 18. Qf2 Qxf2+ 19. Kxf2 Rfe8 20. Nxd6 Rxd6 21. Rad1 Rde6 22. Rfe1 R6e7 23. Kf3 h5 24. h4 Kh7 25. e4 Kg6 26. Rd2 a5 27. f5+ Kf6 28. Kf4 g6 29. fxg6 fxg6 30. Rde2 Re5 31. g4 hxg4 32. Kxg4 Kg7 33. Re3 Rf8 34. Rd1 Rf7 35. a3 Kh6 36. Rh1 Rfe7 37. Kf3 Rf7+ 38. Ke2 Rf4 39. Kd3 c5 40. Rhh3 Kh5 41. Re2 Rxh4 42. Rf3 Kg4 43. Rf7 Rh3+ 44. Re3 Reh5 45. Rxc7 Rxe3+ 46. Kxe3 Rh3+ 47. Kf2 Rxb3 48. Rxc5 Rxa3 49. Rc8 a4 50. Rf8 Rb3 51. e5 a3 52. e6 a2 53. Ra8 Rb2+ 54. Ke3 Rb1 55. Rxa2 Rb8 56. e7 Kf5 57. Rf2+ Ke6 58. Rf8 Rb3+ 59. Kd4 Kxe7 60. Rh8 g5 61. c5 g4 62. Kc4 Rb2 63. Rh7+ Kf6 64. c6 g3 65. c7 g2 66. Kc3 g1Q 67. Kxb2 Qb6+ 68. Kc3 Qc6+ 69. Kd4 Qd6+ 70. Kc4 Qc6+ 71. Kd4 Qd6+ 72. Kc4 Qa6+ 73. Kc5 Qa3+ 74. Kb6 Qb4+ 75. Ka7 Qa5+ 76. Kb7 Qb5+ 77. Ka7 Qc5+ 78. Kb7 Qb4+ 79. Ka7 Qa4+ 80. Kb7 Qe4+ 81. Kb8 1/2-1/2

[Event "Winnipeg TNT Aug op"]
[Site "Winnipeg"]
[Date "2004.08.10"]
[Round "2"]
[White "Milord, Frank"]
[Black "Podmoroff, Yuri"]
[Result "1-0"]
[WhiteElo "1592"]
[BlackElo "1287"]
[PlyCount "77"]
[EventDate "2004.08.??"]
[EventType "swiss"]
[EventRounds "4"]
[EventCountry "CAN"]
[SourceTitle "EXT 2006"]
[Source "ChessBase"]
[SourceDate "2005.11.24"]
[SourceVersion "1"]
[SourceVersionDate "2005.11.24"]
[SourceQuality "1"]

1. e4 e5 2. Nf3 Nc6 3. Bb5 Nf6 4. 0-0 Bd6 5. d4 0-0 6. Bxc6 bxc6 7. dxe5 Bxe5 8. Nxe5 Nxe4 9. Qf3 Nd6 10. Re1 Re8 11. Nc3 f6 12. Nd3 Rxe1+ 13. Nxe1 Bb7 14. Bf4 c5 15. Qg3 Qe7 16. Bxd6 cxd6 17. Nd3 c4 18. Re1 Qf7 19. Nf4 Re8 20. Rxe8+ Qxe8 21. Qe3 Qa8 22. Nfd5 h6 23. Qd4 Qe8 24. Qe3 Qb8 25. Qe7 Bxd5 26. Nxd5 Qxb2 27. Qe8+ Kh7 28. Qe4+ Kh8 29. g3 Qxa2 30. Qg6 a5 31. Ne7 Qb1+ 32. Kg2 Qb7+ 33. f3 d5 34. Nf5 d6 35. Qe8+ Kh7 36. Ne7 h5 37. Qg8+ Kh6 38. Qh8+ Kg5 39. h4# 1-0

[Event "Winnipeg Game a Month op1"]
[Site "Winnipeg"]
[Date "2003.10.05"]
[Round "2"]
[White "Podmoroff, Yuri"]
[Black "Zaczek, Jonathon"]
[Result "0-1"]
[WhiteElo "601"]
[BlackElo "1658"]
[PlyCount "70"]
[EventDate "2003.09.21"]
[EventType "swiss"]
[EventRounds "4"]
[EventCountry "CAN"]
[SourceTitle "EXT 2006"]
[Source "ChessBase"]
[SourceDate "2005.11.24"]
[SourceVersion "1"]
[SourceVersionDate "2005.11.24"]
[SourceQuality "1"]

1. e4 c5 2. Nf3 d6 3. Nc3 Nf6 4. a3 Nc6 5. Bc4 e6 6. d3 Be7 7. Be3 d5 8. Ba2 d4 9. Bg5 dxc3 10. Bxf6 Bxf6 11. b3 0-0 12. 0-0 b5 13. Qe2 Nd4 14. Nxd4 cxd4 15. Rfe1 e5 16. Rad1 a5 17. b4 axb4 18. Bd5 Rxa3 19. Bc6 Bd7 20. Bd5 Be6 21. Bc6 Qb6 22. Bd5 b3 23. cxb3 Bxd5 24. b4 Be6 25. Qc2 Ra2 26. Qc1 Rfa8 27. Kf1 h6 28. Re2 Bg5 29. Rxa2 Rxa2 30. Rd2 Bxd2 31. Qd1 Qa7 32. Qh5 c2 33. h4 c1Q+ 34. Ke2 Bg5+ 35. Kf3 Qf4# 0-1